Sports Quiz

Random Sports or Basketball Quiz

New Orleans/Utah Jazz All Time Roster Quiz Stats

 Plays Quiz not verified by Sporcle

Challenge
Share
Tweet
Embed
Score 0/240 Timer 20:00
0 Plays Today
Years Player % Correct
1984-2003John Stockton
99%
1985-2003Karl Malone
98.4%
1991-1994Jeff Malone
97.4%
2005-2011Deron Williams
89.5%
1994Aaron Williams
88.5%
1979-1980Duck Williams
88.5%
1982-1983Freeman Williams
88.5%
2003-2004 2012-2013Mo Williams
88.5%
2012-PresentMarvin Williams
88.5%
1975-1978Nate Williams
88.5%
1982-1983Rickey Williams
88.5%
1974-1980Pete Maravich
88%
1982-1994Mark Eaton
84.8%
2001-2011Andrei Kirilenko
83.8%
1994-2000Jeff Hornacek
80.6%
2004-2010Carlos Boozer
79.1%
1995-2004 2005-2006Greg Ostertag
78.5%
2010-2013Al Jefferson
77.5%
1989-1990Eric Johnson
77%
1974-1975Ollie Johnson
77%
1993-2002Byron Russell
75.9%
1994Sean Green
74.9%
2013-PresentRichard Jefferson
74.6%
1974-1975Lamar Green
74.3%
1980-1988Rickey Green
74.3%
1978-1979Tommy Green
74.3%
1983-1992 1999-2000Thurl Bailey
73.8%
1979-1980Robert Smith
73.8%
1996-1999Shandon Anderson
73.3%
1977-1978Gus Bailey
73.3%
1979-1986Adrian Dantley
73.3%
1982-1985J.J. Anderson
72.8%
2010-PresentGordon Hayward
72.8%
1980-1991Darrell Griffith
72.3%
2004-2011Mehmet Okur
72.3%
2006-2013Paul Millsap
71.2%
1994-1998Antoine Carr
70.2%
2006-2007Dee Brown
69.6%
2005-2006Devin Brown
69.6%
1979-1980John Brown
69.6%
1988-1993Mike Brown
69.6%
1989-1990Raymond Brown
69.6%
1990-1991Tony Brown
69.6%
2013-PresentTrey Burke
67.5%
2002-2003Mark Jackson
67%
2002-2009Matt Harpring
60.7%
1977-1979Truck Robinson
60.7%
1995-2000 2004-2005Howard Eisley
59.2%
1995-1999Greg Foster
59.2%
1989-1992 1994-1995Blue Edwards
58.1%
2013-PresentRudy Gobert
57.9%
2011-PresentDerrick Favors
57.6%
1979-1980Brad Davis
56.5%
2011-2013Devin Harris
55.5%
2006-2010Ronnie Brewer
55%
2011-PresentEnes Kanter
54.5%
1994-2000Adam Keefe
53.9%
1995-1998Chris Morris
53.4%
2011-PresentAlec Burks
52.9%
2011-2012Josh Howard
52.4%
1977-1978Mo Howard
52.4%
1992-1994 1996-1997Steven Howard
52.4%
1983-1990Bobby Hansen
51.8%
2014-PresentMalcolm Thomas
51.6%
1980-1981Dick Miller
50.8%
2000-2004DeShawn Stevenson
50.8%
2006-2007Derek Fisher
49.7%
2005-2012C.J. Miles
49.7%
2010-PresentJeremy Evans
49.2%
1999-2002Quincy Lewis
49.2%
1991-1996 2000-2001David Benoit
48.2%
1991-1994Tyrone Corbin
48.2%
1974-1979Aaron James
48.2%
1993Henry James
48.2%
2003-2005 2010-2012Raja Bell
47.6%
2000-2002Donyell Marshall
47.6%
2007-2010Kyle Korver
47.1%
1994-1997Jamie Watson
46.1%
1993-1995Tom Chambers
45.5%
2001-2009Jarron Collins
45.5%
Years Player % Correct
2000-2002John Starks
45.5%
2010-2013Earl Watson
45.5%
1989Eric White
45.5%
1976-1979Gail Goodrich
42.9%
1992-1995 2000-2002John Crotty
41.4%
1979-1980Bernard King
41.4%
1998-1999Chris King
41.4%
1996Brooks Thompson
41.4%
2013-PresentIan Clark
41.3%
1974-1979 1982-1985Rich Kelley
40.8%
2007-2011Ronnie Price
40.8%
1993-1996Felton Spencer
40.8%
1993-1994Luther Wright
40.8%
2003-2004Paul Grant
40.3%
2009-2010Wesley Matthews
40.3%
1999-2001Olden Polynice
39.8%
1984-1986Fred Roberts
39.8%
2003-2007Gordan Giricek
39.3%
1992-1995Jay Humphries
39.3%
2004-2006Kris Humphries
38.7%
2003-2004Mikki Moore
37.7%
1974-1977Otto Moore
37.7%
1997-2001Jacque Vaughn
37.2%
1980-1986Jeff Wilkins
37.2%
1976-1977Andy Walker
36.1%
2002-2005Carlos Arroyo
35.6%
2014-PresentErik Murphy
34.1%
2013-PresentJohn Lucas
34.1%
2003-2004Keon Clark
34%
2003-2005Raul Lopez
33%
2013-PresentBrandon Rush
32.5%
1976-1979Paul Griffin
31.9%
1985-1989Marc Iavaroni
31.9%
1993 1994-1995James Donaldson
31.4%
1986-1998Kelly Tripucka
31.4%
2012-2013DeMarre Carroll
31.4%
1986-1987Dell Curry
30.9%
1982-1985John Drew
30.9%
1979-1980Ron Lee
30.4%
1974-1975Russell Lee
30.4%
2012-PresentKevin Murphy
30.4%
1980-1981Wayne Cooper
29.8%
2008-2009Brevin Knight
29.8%
2011-2013Jamaal Tinsley
29.8%
2008-2010Kosta Koufos
29.2%
2006-2007Rafael Araujo
28.8%
2000-2001Danny Manning
28.8%
1989-1992Delaney Rudd
28.8%
2003-2005Curtis Borchardt
28.3%
1978-1979Spencer Haywood
28.3%
1999-2003Scott Padgett
28.3%
2004-2005Kirk Snyder
28.3%
1991-1993Isaac Austin
27.7%
2007-2011Kyrylo Fesenko
27.7%
1999-2000Armen Gilliam
27.7%
1985-1986Steve Hayes
27.7%
1974-1975Neal Walk
27.7%
1992-1993Larry Krystkowiak
27.2%
1979-1983Ben Poquette
27.2%
1979-1981Ron Boone
26.7%
2003-2004Tom Gugliotta
26.7%
2010Sundiata Gaines
26.2%
2005-2006Andre Owens
26.2%
1991-1992Eric Murdock
25.7%
1987-1988Darryl Dawkins
25.1%
1979-1980Paul Dawkins
25.1%
2001-2003John Amaechi
24.6%
2002-2003Calbert Cheaney
24.1%
1974-1977E.C. Coleman
23.6%
2004-2006Keith McLeod
23.6%
1974-1976Louie Nelson
23.6%
1981-1982Howard Wood
23.6%
1988-1990Eric Leckner
22.5%
2012-2013Randy Foye
22.5%
1987-1988Eddie Hughes
22%
2002-2003Tony Massenburg
22%
1998-1999Todd Fuller
20.9%
1997-1998Troy Hudson
20.9%
2003-2004Sasha Pavlovic
20.9%
1990-1991Pat Cummings
20.4%
Years Player % Correct
1987-1988Mel Turpin
20.4%
1985-1986Jeff Cook
20.4%
1979-1981Allan Bristow
19.9%
1993-1995Walter Bond
19.4%
1981-1983Danny Schayes
19.4%
2013-PresentDiante Garrett
19%
1988-1989Jim Les
18.8%
2006-2007Roger Powell
18.8%
1990-1991 1995-1996Andy Toolson
18.8%
1980-1981Mel Bennett
18.3%
1974-1975Jim Barnett
17.8%
1975-1976Henry Bibby
17.8%
1974-1975Rick Adelman
17.3%
1979-1980Terry Furlow
17.3%
1992Tim Legler
17.3%
1999-2000Pete Chilcutt
16.8%
1988-1990Jose Ortiz
16.2%
2003-2004Micheal Ruffin
16.2%
1982-1983 1984-1985Kenny Natt
15.7%
2003-2004Ben Handlogten
14.7%
1984-1986Pace Mannion
14.7%
1999-2003Milt Palacio
14.7%
1986-1987Kent Benson
14.1%
1991-1992Bob Thornton
14.1%
1985-1988Carey Scurry
13.6%
1977-1978Slick Watts
13.1%
1980-1981Jeff Judkins
12.6%
1975-1979Jim McElroy
12.6%
1984-1985Billy Paultz
12.6%
2004-2005Randy Livingston
12%
1991-1992Corey Crowder
12%
1987-1989Scott Roth
11.5%
1990-1991Walter Palmer
11%
1998-1999Anthony Avent
10.5%
2010-2011Francisco Elson
10.5%
1987-1989Bart Kofoed
10.5%
1997-1998William Cunningham
9.9%
1988-1989Jim Farmer
9.9%
1989-1990Nate Johnston
9.9%
2001-2002Rusty LaRue
9.9%
1974-175Walt Bellamy
8.9%
2004-2005Aleksandar Radojevic
8.4%
1981-1982Bill Robinzine
7.9%
1975-1978Fred Boyd
7.3%
1974-1975Kenny Boyd
7.3%
1994Darren Morningstar
6.8%
1974-1977Bud Stallworth
6.8%
1975-1977Ron Behagen
6.3%
1979-1980 1983-1984Tom Boswell
6.3%
1977-1978Fred Saunders
6.3%
1974-1975John Block
5.8%
1982-1984Jerry Eaves
5.8%
1974-1975Rick Roberson
5.8%
1979-1980Marty Byrnes
5.2%
1979-1980Mack Calvin
5.2%
1980-1982Carl Nicks
5.2%
1974-1976Mel Counts
4.7%
1980-1982John Duren
4.7%
1975-1976Bernie Fryer
4.7%
1978-1982James Hardy
4.7%
1980-1981Brett Vroman
4.7%
1974-1975Tony Kimball
4.2%
1974-1975Stu Lantz
4.2%
1978-1979Ira Terrell
4.2%
1979-1980Jerome Whitehead
4.2%
1981-1982Bobby Cattage
3.7%
1979-1980Greg Deane
3.7%
1993-1994Chad Gallagher
3.7%
1979-1980John Gianelli
3.7%
1993Dave Jamerson
3.7%
1980-1981Billy McKinney
3.7%
1979-1980Carl Kilpatrick
3.1%
1990-1991Chris Munk
3.1%
1997Ruben Nembhard
3.1%
1990-1991Dan O'Sullivan
3.1%
2007Louis Aumundson
2.6%
1979-1980Andre Wakefield
2.6%
1981-1982Sam Worthen
2.6%
2007Myke Lyons
2.1%
1977-1979Joe Mariweather
2.1%

You're not logged in!

Compare scores with friends on all Sporcle quizzes.
Join for Free
OR
Log In

You Might Also Like...

Show Comments

Extras

Top Quizzes Today


Score Distribution

Your Account Isn't Verified!

In order to create a playlist on Sporcle, you need to verify the email address you used during registration. Go to your Sporcle Settings to finish the process.

Report this User

Report this user for behavior that violates our Community Guidelines.

Details: